Geelong Cats "Carji Greeves" Best and Fairest Winners - Statistics

General Stats
  • This quiz has been taken 86 times
    12 since last reset
  • The average score is 31 of 114
Answer Stats
Year Medallist Name % Correct
2007 | 2009 Gary Ablett Jr.
100%
1984 Gary Ablett Sr.
100%
2022 Jeremy Cameron
100%
2024 | 2025 Max Holmes
100%
2016 | 2017 | 2019 Patrick Dangerfield
100%
2020 | 2022 Cameron Guthrie
89%
2021 | 2023 Tom Stewart
89%
2010 | 2013 | 2014 Joel Selwood
78%
2012 Tom Hawkins
78%
2015 | 2018 Mark Blicavs
67%
2006 Paul Chapman
67%
1951 | 1956 Bernie Smith
56%
2009 | 2011 Corey Enright
56%
2003 Matthew Scarlett
56%
2004 Cameron Ling
44%
1991 | 1993 | 1994 | 1996 Garry Hocking
44%
1922 Keith Johns
44%
1992 Ken Hinkley
44%
2000 | 2002 Steven King
44%
1969 Doug Wade
33%
1963 | 1964 Graham Farmer
33%
2005 | 2008 Joel Corey
33%
1997 Liam Pickering
33%
1986 | 1989 | 1995 Paul Couch
33%
1962 Alistair Lord
22%
1990 Barry Stoneham
22%
1947 Lindsay White
22%
1967 | 1970 Bill Goggin
11%
1957 Bob Davis
11%
2001 Brenton Sanderson
11%
1973 | 1974 Bruce Nankervis
11%
1971 | 1978 | 1979 David Clarke
11%
1972 | 1976 | 1977 Ian Nankervis
11%
1920 Jockie Jones
11%
1982 John Mossop
11%
1968 | 1975 John Newman
11%
1987 | 1988 Mark Bos
11%
1981 Peter Featherby
11%
1953 Peter Pianto
11%
1998 Peter Riccardi
11%
1965 Peter Walker
11%
1928 | 1934 Reg Hickey
11%
1980 Rod Blake
11%
1915 Alec Eason
0%
1999 Ben Graham
0%
1917 Bert Rankin
0%
1921 | 1923 Billy McCarter
0%
1948 Bruce Morrison
0%
1959 Colin Rice
0%
1966 Denis Marshall
0%
1910 | 1911 | 1912 | 1914 Dick Grigg
0%
1949 Fred Flanagan
0%
1935 Fred Hawking
0%
1960 Fred Wooller
0%
1946 Geoff Mahon
0%
1952 | 1955 Geoff Williams
0%
1932 George Moloney
0%
1927 | 1930 | 1931 George Todd
0%
1985 Greg Williams
0%
1905 | 1906 Henry Young
0%
1939 Jack Grant
0%
1945 Jim Fitzgerald
0%
1941 Jim Knight
0%
1944 Jim Munday
0%
1897 Joe McShane
0%
1950 John Hyde
0%
1958 John O'Neill
0%
1939 Leo Dean
0%
1933 Les Hardiman
0%
1954 Norm Sharp
0%
1983 Ray Card
0%
1961 Roy West
0%
1903 Teddy Rankin
0%
1938 | 1940 Tom Arklay
0%
1936 | 1937 Tom Quinn
0%
No matching quizzes found
Score Distribution
Percent of People with Each Score
Percentile by Number Answered
Your Score History
You have not taken this quiz since the last reset